| 000 | 02069 a2200313 4500 | ||
|---|---|---|---|
| 003 | Nust | ||
| 005 | 20170207154046.0 | ||
| 020 | _a978-0-203-87433-2 | ||
| 020 | _a978-0-203-87433-2 | ||
| 035 | _a(AU-PeEL)EBL446923 | ||
| 035 | _a(OCoLC)449187378 | ||
| 040 | _cNust | ||
| 082 | 0 | 0 | _a330.0724 |
| 100 | 1 | _ados Santos, Ana Cordeiro. | |
| 245 | 1 | 4 |
_aThe Social Epistemology of Experimental Economics (E-BOOK) _h[Elektronisk resurs]. |
| 260 |
_aHoboken : _bTaylor & Francis, _c2009. |
||
| 300 | _a1 online resource (223 p.) | ||
| 490 | 1 | _aRoutledge Advances in Experimental and Computable Economics | |
| 500 | _aDescription based upon print version of record. | ||
| 505 | 0 | _a10 Human agency (or lack thereof) in economics experiments11 Behavioural experiments: How economists learn about human behaviour; 12 Preference reversals and critical practice in economics; 13 Conclusion: What about the social epistemology of experiment?; Notes; Bibliography; Index; | |
| 505 | 0 | _aBook Cover; Title; Copyright; Contents; Illustrations; Acknowledgments; 1 Introduction: epistemology, experiments and economics; Part I The social epistemology of experiment; 2 Creating phenomena in the lab; 3 Creating microeconomic phenomena; 4 Intervening in the 'material world'; 5 Intervening in the 'social world'; 6 The social epistemology of experiment; Part II The social epistemology of experimental economics; 7 The foundation of experimental economics; 8 Early methodological debate in experimental economics; 9 Economics experiments and the real world | |
| 520 | _aThis book develops a framework for the analysis of scientific experimentation and applies it to the experimental field of economics looking at the epistemic role of the participation of human subjects in economics experiments. | ||
| 650 | 4 | _aEconomics -- Research. | |
| 650 | 4 | _aEconomics. | |
| 650 | 4 | _aExperimental economics. | |
| 651 | _aThe Social Epistemology of Experimental Economics (E-BOOK) | ||
| 655 | 0 | _aElectronic books. | |
| 830 | 0 | _aRoutledge Advances in Experimental and Computable Economics | |
| 942 |
_2ddc _cBK |
||
| 999 |
_c192881 _d192881 |
||